00569 2200205 4500001002100000005001500021035002000036007000300056008004100059020001500100082001200115084001800127100002000145245005300165250001100218260006300229300002900292650003000321990001200351INLIS00000000000837920210420103734 a0010-0421000523ta210420 g 0 ind  a9791456074 a332.024 a332.024 CHR c0 aChris Harijanto1 aCara Jitu Mengelola Uang Saku /cChris Harijanto aCet. 1 aYogyakarta :bCV Kompetensi Terapan Sinergi Pustaka,c2007 aiv, 44 hlm :b. ;c21 cm 4aMenabung Keuangan Pribadi a1072034